[Event "Chigorin Memorial 2019"]
[Site "St Petersburg RUS"]
[Date "2019.10.08"]
[Round "4.37"]
[White "Marinskii, Yurii"]
[Black "Savitskiy, Sergey"]
[Result "1-0"]
[BlackTitle "IM"]
[WhiteElo "2167"]
[BlackElo "2407"]
[WhiteFideId "34215425"]
[BlackFideId "24105660"]
[EventDate "2019.10.05"]

1. e4 c5 2. Nc3 Nc6 3. g3 g6 4. Bg2 Bg7 5. d3 d6 6. f4 e6 7. Nf3 Nge7 8. O-O O-O
9. Be3 b6 10. Bf2 d5 11. e5 Ba6 12. Re1 Qc7 13. a3 Rad8 14. Qd2 d4 15. Ne4 Nd5
16. Rab1 Nce7 17. g4 f5 18. exf6 Nxf6 19. Nxf6+ Bxf6 20. Bg3 Qc8 21. Bh3 Bb7 22.
Qe2 Qc6 23. Bg2 Nd5 24. Nd2 Rde8 25. Ne4 Bg7 26. Ng5 Bc8 27. f5 gxf5 28. gxf5
Rxf5 29. h4 Qd7 30. Be4 Ne3 31. Bf2 Bb7 32. Bxb7 Qxb7 33. Bxe3 dxe3 34. Qh5
Rxg5+ 35. hxg5 Rf8 36. Rf1 Qe7 37. Rxf8+ Bxf8 38. Re1 c4 39. d4 c3 40. b4 Qd6
41. Rxe3 Qxd4 42. Kf2 a5 43. Qe8 Qd2+ 44. Kf3 Qd1+ 45. Re2 Qh1+ 46. Ke3 Qd5 47.
Rf2 Qxg5+ 48. Rf4 Qg3+ 49. Rf3 Qe1+ 50. Kf4 Qh4+ 51. Ke5 Qh2+ 52. Rf4 Qe2+ 53.
Kf6 1-0

[Event "Chigorin Memorial 2019"]
[Site "St Petersburg RUS"]
[Date "2019.10.08"]
[Round "4.38"]
[White "Khubukshanov, Erdem"]
[Black "Radzhabov, Rodion"]
[Result "1-0"]
[BlackTitle "FM"]
[WhiteElo "2247"]
[BlackElo "2384"]
[WhiteFideId "54114527"]
[BlackFideId "884715"]
[EventDate "2019.10.05"]

1. Nf3 Nf6 2. c4 e6 3. Nc3 c5 4. g3 b6 5. Bg2 Bb7 6. O-O Be7 7. d3 d5 8. cxd5
exd5 9. d4 O-O 10. dxc5 bxc5 11. Qb3 Qb6 12. Ne5 Rd8 13. Rd1 Nbd7 14. Nc4 Qb4
15. Ne3 Qxb3 16. axb3 Nb6 17. g4 h6 18. h4 Kf8 19. g5 hxg5 20. hxg5 Ne4 21.
Nexd5 Nxc3 22. Nxc3 Rxd1+ 23. Nxd1 Bxg2 24. Kxg2 Nc8 25. Bf4 Bd6 26. Bxd6+ Nxd6
27. Nc3 Rb8 28. Rxa7 Rxb3 29. Rd7 Nb7 30. Nd5 Rxb2 31. e4 Ke8 32. Re7+ Kd8 33.
Rxf7 Nd6 34. Rf4 Rd2 35. Ne3 g6 36. e5 Ne8 37. Rc4 Nc7 38. Rxc5 Kd7 39. Nc4 Rd4
40. Nb6+ Kd8 41. f4 Rb4 42. Rc6 Rxf4 43. Rxc7 Rg4+ 44. Kf3 Kxc7 45. Na8+ 1-0

[Event "Chigorin Memorial 2019"]
[Site "St Petersburg RUS"]
[Date "2019.10.08"]
[Round "4.39"]
[White "Ismagilov, Damir"]
[Black "Popov, Mikhail"]
[Result "0-1"]
[BlackTitle "IM"]
[WhiteElo "2156"]
[BlackElo "2399"]
[WhiteFideId "34199982"]
[BlackFideId "4146182"]
[EventDate "2019.10.05"]

1. d4 Nf6 2. c4 c5 3. d5 g6 4. Nc3 Bg7 5. e4 d6 6. Be2 O-O 7. Bg5 e6 8. h3 exd5
9. exd5 Qb6 10. Qb3 Re8 11. Qxb6 axb6 12. Nb5 Ne4 13. Nc7 Bxb2 14. Nxa8 Bxa1 15.
Nc7 Bc3+ 16. Kf1 Re5 17. Nf3 Nxg5 18. Nxe5 Bxe5 19. Bd3 h5 20. Ke2 Bf6 21. Rb1
Kf8 22. Nb5 Ke7 23. Na7 Kd8 24. f4 Nh7 25. Rxb6 Nd7 26. Rb1 h4 27. Bc2 Be7 28.
a4 f5 29. a5 Nb8 30. Kf3 Na6 31. Rb6 Nb4 32. Ba4 Nf6 33. Nb5 Nbxd5 34. cxd5 Nxd5
35. Rxd6+ Bxd6 36. Nxd6 Kc7 37. Nc4 Ne7 38. Ne5 Be6 39. Be8 Bd5+ 40. Kf2 c4 41.
Nxg6 Nxg6 42. Bxg6 Be4 43. Ke3 c3 44. Bf7 Bxg2 45. Kd3 Bxh3 46. Bh5 Bf1+ 47.
Kxc3 h3 48. Kd2 Bg2 0-1

[Event "Chigorin Memorial 2019"]
[Site "St Petersburg RUS"]
[Date "2019.10.08"]
[Round "4.40"]
[White "Schekachikhin, Maksim"]
[Black "Khudyakov, Stanislav"]
[Result "1/2-1/2"]
[WhiteTitle "IM"]
[WhiteElo "2400"]
[BlackElo "2160"]
[WhiteFideId "24177830"]
[BlackFideId "44131232"]
[EventDate "2019.10.05"]

1. Nf3 Nf6 2. c4 c6 3. Nc3 d5 4. e3 g6 5. d4 Bg7 6. Be2 O-O 7. O-O dxc4 8. Bxc4
Bg4 9. Be2 Nbd7 10. e4 c5 11. d5 Ne8 12. h3 Bxf3 13. Bxf3 Nd6 14. a4 a6 15. a5
Nb5 16. Qb3 Nd4 17. Qxb7 c4 18. Bf4 Nb3 19. Ra2 Nbc5 20. Qc7 Qe8 21. Bh2 Be5 22.
Bxe5 Rc8 23. Qa7 Ra8 24. Qc7 Rc8 25. Be2 Rxc7 26. Bxc7 Qc8 27. Bf4 Nd3 28. Be3
N7c5 29. Rd1 Nb4 30. Ra3 Nc2 31. Bxc5 Qxc5 32. Ra4 Nb4 33. e5 Rd8 34. Ne4 Qb5
35. Nc3 Qc5 36. Ne4 Qb5 37. Nc3 1/2-1/2

[Event "Chigorin Memorial 2019"]
[Site "St Petersburg RUS"]
[Date "2019.10.08"]
[Round "4.41"]
[White "Yatzenko, Anton"]
[Black "Efremov, Vladislav"]
[Result "1/2-1/2"]
[BlackTitle "FM"]
[WhiteElo "2383"]
[BlackElo "2137"]
[WhiteFideId "4157826"]
[BlackFideId "44159935"]
[EventDate "2019.10.05"]

1. d4 d5 2. Nf3 Nf6 3. c4 e6 4. Nc3 c5 5. e3 Nc6 6. a3 a6 7. cxd5 exd5 8. Be2
cxd4 9. Nxd4 Bc5 10. O-O O-O 11. Nxc6 bxc6 12. b4 Bd6 13. Bb2 Bd7 14. Rc1 Qb8
15. h3 a5 16. b5 cxb5 17. Nxd5 Nxd5 18. Qxd5 a4 19. Rfd1 Ra6 20. Rd2 Be6 21. Qd4
f6 22. Qe4 Bf7 23. Bd3 Bg6 24. Qg4 Bxd3 25. Rxd3 Kh8 26. Qf5 b4 27. axb4 Bxb4
28. Rc4 Rd6 29. Rxd6 Bxd6 30. Qc2 a3 31. Bc1 Qb7 32. Rc3 Ra8 33. Qa2 Qb4 34. Qd5
Rd8 35. Qc4 Qxc4 36. Rxc4 Ra8 37. Bxa3 Bxa3 38. g3 h6 39. h4 Ra5 40. Kg2 h5 41.
Rd4 Kh7 42. Rd7 Ra6 43. Rb7 Kh6 44. Rb5 Re6 45. Rd5 Be7 46. Rb5 g5 47. hxg5+
fxg5 48. Ra5 g4 49. Rb5 Bf6 50. Ra5 Kg6 51. Rb5 Bg5 52. Ra5 Rf6 53. Rc5 h4 54.
gxh4 Bxh4 55. Rc2 Rf3 56. Rc6+ Kf5 57. Rc5+ Ke6 58. Rc6+ Kd5 59. Rc2 Rf8 60. Ra2
Rf7 61. Ra5+ 1/2-1/2

[Event "Chigorin Memorial 2019"]
[Site "St Petersburg RUS"]
[Date "2019.10.08"]
[Round "4.42"]
[White "Chekletsov, Ilya"]
[Black "Usmanov, Ilnur"]
[Result "1-0"]
[WhiteTitle "IM"]
[WhiteElo "2377"]
[BlackElo "2144"]
[WhiteFideId "24177156"]
[BlackFideId "4111303"]
[EventDate "2019.10.05"]

1. d4 d5 2. c4 c6 3. Nf3 Nf6 4. Qc2 g6 5. Bf4 Bf5 6. Qb3 Qb6 7. c5 Qxb3 8. axb3
Bxb1 9. Rxb1 Nbd7 10. h3 Bg7 11. e3 Ne4 12. Bd3 O-O 13. b4 a6 14. Ke2 f5 15.
Rhd1 Rfe8 16. Ne5 Nef6 17. Ra1 Nxe5 18. Bxe5 Nd7 19. f4 Bxe5 20. fxe5 Rf8 21.
Rf1 e6 22. g4 fxg4 23. hxg4 Rxf1 24. Kxf1 Rf8+ 25. Kg2 Rf7 26. Bxa6 bxa6 27.
Rxa6 Nf8 28. b5 cxb5 29. Rb6 h5 30. Rxb5 Rc7 31. b4 Nd7 32. Ra5 hxg4 33. b5 Kf7
34. b6 Rc8 35. Ra7 Ke8 36. b7 Rb8 37. c6 Kd8 38. Ra8 Kc7 39. cxd7 1-0

[Event "Chigorin Memorial 2019"]
[Site "St Petersburg RUS"]
[Date "2019.10.08"]
[Round "4.43"]
[White "Galchenko, Vadim"]
[Black "Saveliev, Alexei"]
[Result "0-1"]
[BlackTitle "IM"]
[WhiteElo "2139"]
[BlackElo "2363"]
[WhiteFideId "24177334"]
[BlackFideId "24128546"]
[EventDate "2019.10.05"]

1. e4 c5 2. Be2 b6 3. d3 Bb7 4. f4 g6 5. Nf3 Bg7 6. c3 e6 7. Be3 Nf6 8. h3 c4 9.
Nbd2 cxd3 10. Bxd3 O-O 11. g4 Na6 12. Qe2 Nc5 13. Bxc5 bxc5 14. O-O Qc7 15. Nh2
d6 16. Rf2 Rae8 17. Raf1 Nd7 18. g5 f5 19. gxf6 Nxf6 20. Qe3 d5 21. exd5 exd5
22. Qg3 Nh5 23. Qg4 d4 24. Re2 Rxe2 25. Bxe2 Nxf4 26. Bc4+ Kh8 27. Ndf3 Bc8 28.
Qh4 Nxh3+ 29. Kh1 Qf4 0-1

[Event "Chigorin Memorial 2019"]
[Site "St Petersburg RUS"]
[Date "2019.10.08"]
[Round "4.44"]
[White "Can, Isik"]
[Black "Michelle Catherina, P"]
[Result "1-0"]
[WhiteTitle "IM"]
[BlackTitle "WIM"]
[WhiteElo "2361"]
[BlackElo "2123"]
[WhiteFideId "6383742"]
[BlackFideId "5005736"]
[EventDate "2019.10.05"]

1. e4 e5 2. Nf3 Nc6 3. Bb5 g6 4. d4 exd4 5. Bg5 Be7 6. Bxe7 Qxe7 7. Bxc6 dxc6 8.
Qxd4 Nf6 9. Nc3 Bg4 10. Nd2 c5 11. Qe3 O-O-O 12. h3 Be6 13. O-O-O b6 14. g4 h5
15. g5 Nd7 16. f4 Nb8 17. Rhe1 Rhe8 18. Qg3 h4 19. Qxh4 Rh8 20. Qg3 Rxh3 21. Qg2
Rh5 22. f5 Rxg5 23. Qf3 Bd7 24. Nd5 Qe5 25. Qa3 Rg2 26. Nc4 Qh2 27. Qxa7 Rxc2+
28. Kb1 Re8 29. Ncxb6+ cxb6 30. Nxb6+ Kd8 31. Qxd7+ 1-0

[Event "Chigorin Memorial 2019"]
[Site "St Petersburg RUS"]
[Date "2019.10.08"]
[Round "4.45"]
[White "Kumargaliev, Marsel"]
[Black "Bublei, Pavel"]
[Result "0-1"]
[BlackTitle "FM"]
[WhiteElo "2144"]
[BlackElo "2358"]
[WhiteFideId "34111023"]
[BlackFideId "24112593"]
[EventDate "2019.10.05"]

1. Nf3 Nf6 2. d3 d5 3. Nbd2 Bf5 4. g3 h6 5. Bg2 e6 6. O-O Be7 7. c4 Nc6 8. Qa4
O-O 9. cxd5 exd5 10. Qf4 Qd7 11. e4 Be6 12. e5 Ng4 13. Nb3 f6 14. exf6 Rxf6 15.
Qd2 Raf8 16. Qe2 Bd6 17. d4 Bf7 18. h3 Bh5 19. Nbd2 Nh2 20. Ne5 Bxe5 21. Qxh5
Rf5 22. Qd1 Nxf1 23. Nxf1 Bxd4 24. Bf4 g5 25. Be3 Bxe3 26. Nxe3 Rxf2 27. Nxd5
Qd6 28. Qb3 Nd4 29. Qc4 Ne2+ 30. Kh1 Nxg3+ 31. Kg1 Ne2+ 32. Kh1 Kh8 33. Ne3 Ng3+
34. Kg1 Ne2+ 35. Kh1 Qf4 36. Qe6 Qf6 37. Qb3 Ng3+ 38. Kg1 Rxb2 39. Ng4 Qd4+ 40.
Qe3 Qxe3+ 41. Nxe3 c6 42. h4 gxh4 43. Rd1 Nf5 44. Nc4 Rc2 45. Bf1 Rg8+ 46. Kh1
Ng3+ 47. Kg1 Ne4+ 48. Kh1 Nf2+ 0-1

[Event "Chigorin Memorial 2019"]
[Site "St Petersburg RUS"]
[Date "2019.10.08"]
[Round "4.46"]
[White "Timerkhanov, Alexander"]
[Black "Zaichikov, Andrey"]
[Result "1-0"]
[WhiteTitle "FM"]
[WhiteElo "2354"]
[BlackElo "2113"]
[WhiteFideId "24177938"]
[BlackFideId "24176591"]
[EventDate "2019.10.05"]

1. d4 Nf6 2. Bg5 g6 3. Bxf6 exf6 4. e3 d5 5. Bd3 Bd6 6. Qf3 h5 7. h3 c6 8. Nd2
f5 9. Ne2 Be6 10. Nf4 Nd7 11. c4 dxc4 12. Nxe6 fxe6 13. Bxc4 e5 14. O-O-O Qe7
15. g4 e4 16. Qg2 O-O-O 17. gxf5 gxf5 18. Qg6 Rdf8 19. Rhg1 Rf6 20. Qg7 Qxg7 21.
Rxg7 b5 22. Be2 Bf8 23. Rg5 h4 24. Rdg1 Kd8 25. Kb1 Bb4 26. Kc2 Bxd2 27. Kxd2
Ke7 28. Rg7+ Rf7 29. R1g5 Rxg7 30. Rxg7+ Ke6 31. Bd1 c5 32. Rg6+ Kf7 33. Ra6
cxd4 34. exd4 Nf6 35. Rxa7+ Kg6 36. Bb3 f4 37. Bf7+ Kg7 38. Bb3+ Kg6 39. Bf7+
Kg5 40. Rb7 e3+ 41. fxe3 Ne4+ 42. Kd3 Nf2+ 43. Ke2 Nxh3 44. Rxb5+ Kg4 45. Be6+
Kg3 46. Bxh3 f3+ 47. Kf1 Kxh3 48. Rg5 Rf8 49. Kf2 Kh2 50. d5 h3 51. d6 Rc8 52.
Rd5 Rc2+ 53. Kxf3 Rc8 54. Rd2+ Kh1 55. Kg3 1-0

[Event "Chigorin Memorial 2019"]
[Site "St Petersburg RUS"]
[Date "2019.10.08"]
[Round "4.47"]
[White "Efimov, Ignat"]
[Black "Gabdrakhmanov, Azat"]
[Result "0-1"]
[BlackTitle "FM"]
[WhiteElo "2138"]
[BlackElo "2353"]
[WhiteFideId "24280810"]
[BlackFideId "34189197"]
[EventDate "2019.10.05"]

1. Nf3 Nf6 2. c4 c5 3. d4 cxd4 4. Nxd4 b6 5. f3 Bb7 6. e4 d6 7. Be2 e6 8. Be3
Be7 9. O-O O-O 10. Nc3 a6 11. Kh1 Nbd7 12. a4 Rc8 13. a5 bxa5 14. Nb3 h5 15.
Nxa5 Ba8 16. Nb3 Nb8 17. Na4 Nfd7 18. Qd2 Nc6 19. Rfd1 Rb8 20. Nd4 h4 21. Nxc6
Bxc6 22. h3 Qc7 23. b4 Ne5 24. c5 Rfd8 25. Qe1 Bxa4 26. Rxa4 dxc5 27. Rxd8+ Rxd8
28. Rxa6 Nd3 29. Bxd3 Rxd3 30. Bxc5 Bf6 31. Ra8+ Kh7 32. e5 Qxe5 33. Qb1 Qf5 34.
Ra2 Rxf3 35. Qxf5+ Rxf5 36. Kg1 Rd5 37. Rc2 Rd1+ 38. Kf2 Rb1 39. Ke3 Rb3+ 40.
Kd2 Bg5+ 41. Ke2 e5 42. Bd6 e4 43. Rc5 Rb2+ 44. Kf1 f6 45. Rc7 Kg6 46. Bf8 Bh6
47. Re7 e3 48. Re4 Kf5 49. Re8 Rb1+ 50. Ke2 Rg1 51. Kd3 Rxg2 52. b5 Rb2 53. Kc4
Bf4 54. Ba3 Rb1 55. Bc5 Rc1+ 56. Kd5 Rxc5+ 57. Kxc5 Be5 58. b6 e2 59. Rxe5+ Kxe5
60. b7 e1=Q 61. b8=Q+ Kf5 62. Qh8 g5 63. Kd6 Qe6+ 64. Kc7 Kf4 65. Qa8 Qxh3 66.
Qa4+ Kg3 67. Qd1 Kh2 68. Kd8 g4 69. Qd6+ Qg3 70. Qxf6 Qd3+ 71. Kc8 Qc4+ 72. Kb7
g3 0-1

[Event "Chigorin Memorial 2019"]
[Site "St Petersburg RUS"]
[Date "2019.10.08"]
[Round "4.48"]
[White "Babanin, Gleb"]
[Black "Ponfilenok, Vladimir"]
[Result "1-0"]
[WhiteElo "2119"]
[BlackElo "2348"]
[WhiteFideId "34152536"]
[BlackFideId "24113522"]
[EventDate "2019.10.05"]

1. e4 e6 2. d4 d5 3. Nc3 Bb4 4. e5 c5 5. Bd2 Ne7 6. a3 Bxc3 7. Bxc3 b6 8. Bb5+
Nec6 9. Nf3 Ba6 10. a4 O-O 11. Qe2 Qc8 12. O-O Ne7 13. b3 Qb7 14. Rfb1 Rc8 15.
dxc5 bxc5 16. b4 c4 17. Nd4 Qb6 18. a5 Qd8 19. Ba4 Bb7 20. Nb5 Nf5 21. Nd4 Nxd4
22. Bxd4 Nc6 23. Bxc6 Bxc6 24. Ra3 Qh4 25. Rd1 a6 26. Rh3 Qe4 27. Re3 Qf5 28. c3
Ba4 29. Re1 Bc2 30. Rf3 Bd3 31. Qd2 Qg4 32. Rg3 Qh4 33. h3 Bg6 34. Rg4 Qe7 35.
Qf4 h6 36. h4 Kh7 37. Rg3 Rg8 38. Rh3 Bf5 39. g4 g5 40. hxg5 Qxg5 41. Qxg5 Rxg5
42. f3 Rg6 43. Kf2 Bc2 44. Reh1 Kg7 45. Be3 Rh8 46. b5 axb5 47. Bxh6+ Rgxh6 48.
Rxh6 Ra8 49. R6h2 Rxa5 50. Ke3 Bg6 51. Rb2 Ra3 52. Kd4 Rb3 53. Rhh2 f6 54. exf6+
Kxf6 55. f4 Be4 56. Ra2 b4 57. cxb4 c3 58. Rh6+ Kg7 59. Rxe6 c2 60. Rc6 1-0

[Event "Chigorin Memorial 2019"]
[Site "St Petersburg RUS"]
[Date "2019.10.08"]
[Round "4.49"]
[White "Gevorgyan, David Sh."]
[Black "Terentev, Mikhail"]
[Result "1/2-1/2"]
[WhiteTitle "IM"]
[WhiteElo "2336"]
[BlackElo "2096"]
[WhiteFideId "13303244"]
[BlackFideId "24183814"]
[EventDate "2019.10.05"]

1. d4 Nf6 2. c4 e6 3. Nc3 Bb4 4. e3 O-O 5. Bd3 d5 6. a3 Bxc3+ 7. bxc3 dxc4 8.
Bxc4 c5 9. Ne2 Qc7 10. Bd3 Rd8 11. e4 Nc6 12. e5 Nxe5 13. dxe5 c4 14. exf6 cxd3
15. O-O dxe2 16. Qxe2 gxf6 17. Qg4+ Kh8 18. Qh4 Qe5 19. Be3 Qf5 20. f4 Rg8 21.
Bd4 Rg6 22. h3 e5 23. fxe5 Qxh3 24. Qxf6+ Rxf6 25. gxh3 Rxf1+ 26. Rxf1 Be6 27.
Kf2 b6 28. Ke3 Kg8 29. h4 Rc8 30. Rg1+ Kf8 31. Ra1 Ke7 32. a4 Kd7 33. a5 Rb8 34.
axb6 axb6 35. Rg1 Kc6 36. Ke4 Kb5 37. Rb1+ Kc6 38. Rg1 1/2-1/2

[Event "Chigorin Memorial 2019"]
[Site "St Petersburg RUS"]
[Date "2019.10.08"]
[Round "4.50"]
[White "Semenenko, Sergey"]
[Black "Askerov, Marat"]
[Result "1-0"]
[BlackTitle "FM"]
[WhiteElo "2107"]
[BlackElo "2334"]
[WhiteFideId "4173767"]
[BlackFideId "24175200"]
[EventDate "2019.10.05"]

1. d4 e6 2. c4 Bb4+ 3. Nc3 d5 4. e3 Nf6 5. a3 Bxc3+ 6. bxc3 c5 7. cxd5 exd5 8.
Bd3 O-O 9. Ne2 b6 10. O-O Ba6 11. Ng3 Bxd3 12. Qxd3 Nc6 13. Bb2 c4 14. Qc2 Re8
15. Rae1 Ne4 16. Nh1 f5 17. f3 Nd6 18. Ng3 Qg5 19. Bc1 Qg6 20. a4 Nd8 21. Ba3
N8f7 22. Ne2 Rxe3 23. Nf4 Rxe1 24. Rxe1 Qg5 25. Nxd5 f4 26. Ne7+ Kh8 27. Bxd6
Nxd6 28. Re5 Qf6 29. Qe2 Qf8 30. Re6 Rd8 31. Qe5 1-0

[Event "Chigorin Memorial 2019"]
[Site "St Petersburg RUS"]
[Date "2019.10.08"]
[Round "4.51"]
[White "Maltsevskaya, Aleksandra"]
[Black "Shihaliev, Leonard"]
[Result "1-0"]
[WhiteTitle "WGM"]
[WhiteElo "2333"]
[BlackElo "2080"]
[WhiteFideId "24174041"]
[BlackFideId "24192163"]
[EventDate "2019.10.05"]

1. Nf3 Nf6 2. g3 b6 3. Bg2 Bb7 4. O-O g6 5. c4 Bg7 6. d4 O-O 7. d5 d6 8. Nc3 e6
9. e4 Nbd7 10. dxe6 fxe6 11. Ng5 Qe7 12. Re1 c6 13. Bh3 e5 14. Ne6 Rf7 15. Nxg7
Kxg7 16. Bg5 h6 17. Be3 Nc5 18. Qd2 g5 19. Bf5 Bc8 20. b4 Nb7 21. h4 Bxf5 22.
exf5 Nh7 23. hxg5 Nxg5 24. Bxg5 Qxg5 25. Qxg5+ hxg5 26. g4 Rg8 27. Ne4 Kf8 28.
Rad1 Ke7 29. Nxd6 Nxd6 30. Rxe5+ Kd7 31. Re6 1-0

[Event "Chigorin Memorial 2019"]
[Site "St Petersburg RUS"]
[Date "2019.10.08"]
[Round "4.52"]
[White "Pavlov, Mark"]
[Black "Tsoi, Dmitry"]
[Result "0-1"]
[BlackTitle "FM"]
[WhiteElo "2095"]
[BlackElo "2329"]
[WhiteFideId "34178829"]
[BlackFideId "24194697"]
[EventDate "2019.10.05"]

1. d4 Na6 2. e4 c6 3. Nf3 g6 4. c3 Nc7 5. Bd3 Bg7 6. O-O d5 7. e5 Nh6 8. h3 O-O
9. Re1 f6 10. Nbd2 Nf7 11. exf6 exf6 12. Nf1 Qd6 13. Ng3 Ne6 14. Qc2 Nfg5 15.
Nh2 f5 16. Bxg5 Nxg5 17. Ngf1 b6 18. h4 Ne4 19. f3 c5 20. fxe4 fxe4 21. Bxe4
dxe4 22. Qxe4 Bf5 23. Qe7 Qxe7 24. Rxe7 cxd4 25. g4 Bf6 26. Rc7 Bd3 27. Rd1 Be2
28. Rd2 d3 29. g5 Be5 30. Re7 Rae8 31. Rd7 Rd8 32. Rxa7 Bf4 33. a4 Rfe8 34. Rxd3
Rxd3 0-1

[Event "Chigorin Memorial 2019"]
[Site "St Petersburg RUS"]
[Date "2019.10.08"]
[Round "4.53"]
[White "Mnatsakanian, Arsen"]
[Black "Gorovenko, Darya"]
[Result "1/2-1/2"]
[BlackTitle "WFM"]
[WhiteElo "2321"]
[BlackElo "2088"]
[WhiteFideId "24189820"]
[BlackFideId "24173800"]
[EventDate "2019.10.05"]

1. e4 c5 2. d3 d5 3. Nd2 Nc6 4. g3 Nf6 5. Bg2 dxe4 6. dxe4 e5 7. Ngf3 Be7 8. O-O
O-O 9. c3 b6 10. Re1 Ba6 11. Qa4 Qc8 12. Bh3 Qb7 13. Nf1 Bd3 14. Bg5 Rad8 15.
N1d2 b5 16. Qd1 Nxe4 17. Bxe7 Qxe7 18. Bg2 Qf6 19. Nxe4 Bxe4 20. Qe2 Bd5 21.
Nxe5 Bxg2 22. Kxg2 Nxe5 23. Qxe5 Rd2 24. Re2 Qxe5 25. Rxe5 Rxb2 26. Rxc5 g6 27.
a4 a6 28. Rc6 Rc2 29. axb5 axb5 30. Rb1 Rb8 31. Rb4 Kf8 32. c4 Rb7 33. g4 h6 34.
h4 Ke7 35. Kg3 Kd7 36. Rc5 Kd6 37. Rcxb5 Re7 38. Ra5 Kc6 39. Ra6+ Kc5 40. Rba4
Rxc4 41. Rxc4+ Kxc4 42. h5 gxh5 43. gxh5 Re6 44. Ra4+ Kd5 45. Ra5+ Kd6 46. f4
Ke7 47. Kg4 Kf6 48. Ra4 Re1 49. Ra6+ Re6 50. Ra5 Re1 1/2-1/2

[Event "Chigorin Memorial 2019"]
[Site "St Petersburg RUS"]
[Date "2019.10.08"]
[Round "4.54"]
[White "Skvortsov, Alexander"]
[Black "Goltseva, Ekaterina"]
[Result "1-0"]
[BlackTitle "FM"]
[WhiteElo "2092"]
[BlackElo "2317"]
[WhiteFideId "24170038"]
[BlackFideId "24173770"]
[EventDate "2019.10.05"]

1. e4 e5 2. Nf3 Nc6 3. Bb5 a6 4. Ba4 Nf6 5. d3 d6 6. c4 Be7 7. Nc3 O-O 8. h3 Be6
9. Be3 Nb8 10. Qe2 c6 11. Bc2 b5 12. Ng5 b4 13. Nxe6 fxe6 14. Na4 c5 15. O-O-O
Nc6 16. Rdf1 Rb8 17. b3 Rf7 18. Kb1 Qf8 19. g3 Rd8 20. f4 d5 21. f5 exf5 22.
cxd5 Na7 23. Rxf5 Nb5 24. Kb2 Nd7 25. Rhf1 Rxf5 26. Rxf5 Qe8 27. Qf1 Rc8 28. h4
Nf6 29. Qh3 Nd7 30. h5 h6 31. g4 Nd4 32. Rf2 Qd8 33. g5 Bxg5 34. Bxg5 hxg5 35.
h6 Qe7 36. Bd1 Rf8 37. Rh2 gxh6 38. Qxh6 Qg7 39. Qh3 Nf6 40. Nxc5 g4 41. Qh4 Rc8
42. Ne6 Nxe6 43. dxe6 Re8 44. Rg2 Rxe6 45. Bxg4 Nxg4 46. Rxg4 Rg6 47. Qd8+ Kh7
48. Rh4+ Rh6 49. Rxh6+ Qxh6 50. Qe7+ Kg8 51. Qxb4 Qf6 52. Qc4+ Kh7 53. a4 Qd6
54. Qd5 Qf6 55. Kc3 Kh6 56. Kc4 Kg5 57. d4 Qf1+ 58. Kc5 Qc1+ 59. Kb6 Qc3 60.
Qxe5+ 1-0

[Event "Chigorin Memorial 2019"]
[Site "St Petersburg RUS"]
[Date "2019.10.08"]
[Round "4.55"]
[White "Miroshnik, Ekaterina"]
[Black "Iliaguev, Nisim"]
[Result "1/2-1/2"]
[WhiteTitle "WFM"]
[BlackTitle "FM"]
[WhiteElo "2089"]
[BlackElo "2310"]
[WhiteFideId "34127698"]
[BlackFideId "2817276"]
[EventDate "2019.10.05"]

1. d4 Nf6 2. c4 c5 3. d5 e6 4. Nc3 exd5 5. cxd5 d6 6. Nf3 g6 7. g3 Bg7 8. Bg2
O-O 9. O-O a6 10. a4 Re8 11. Nd2 Nbd7 12. Nc4 Nb6 13. Na3 Bf5 14. a5 Nc8 15. Nc4
Ne4 16. Na4 Bd7 17. Nab6 Nxb6 18. Nxb6 Rb8 19. Nxd7 Qxd7 20. Qc2 f5 21. Ra4 Nf6
22. Bf3 Qb5 23. Bf4 Rbd8 24. Bg5 Rc8 25. Bxf6 Bxf6 26. b3 Rc7 27. h4 Be5 28. Kg2
Qd7 29. Rc4 Qg7 30. Rh1 h5 31. e3 Rb8 32. Rc1 Rbc8 33. Qd2 Qf7 34. R1c2 Kg7 35.
Qc1 Qf8 36. Be2 Kh7 37. Bf3 1/2-1/2

[Event "Chigorin Memorial 2019"]
[Site "St Petersburg RUS"]
[Date "2019.10.08"]
[Round "4.56"]
[White "Postnikov, Artem"]
[Black "Rudikov, Dmitry"]
[Result "1-0"]
[WhiteTitle "FM"]
[WhiteElo "2297"]
[BlackElo "2085"]
[WhiteFideId "34153575"]
[BlackFideId "44147171"]
[EventDate "2019.10.05"]

1. e4 c5 2. Nf3 Nf6 3. e5 Nd5 4. Nc3 Nxc3 5. dxc3 Nc6 6. Bc4 e6 7. Bf4 h6 8. h4
Qc7 9. Qd2 b6 10. O-O-O Bb7 11. Qe2 O-O-O 12. Rd2 g6 13. Rhd1 Bg7 14. Bg3 Rhg8
15. Kb1 Bh8 16. Bb5 g5 17. h5 Nb8 18. a4 Bc6 19. Nh2 Bxg2 20. f3 Bh3 21. Rd6 Nc6
22. Ng4 Bxg4 23. fxg4 Bg7 24. a5 Bf8 25. Qd3 Be7 26. axb6 axb6 27. Qf3 Bxd6 28.
Rxd6 Kb7 29. Qf6 Rh8 30. Bf2 Rc8 31. b3 Rhf8 32. b4 Qd8 33. Qf3 Qe7 34. Ba4 f6
35. b5 fxe5 36. bxc6+ dxc6 37. Qd3 Rcd8 38. Bxc6+ Kc7 39. Qa6 Rxf2 40. Rxd8 Qxd8
41. Be4 Kd6 42. Qb7 Qc7 43. Qa8 Rf1+ 44. Kb2 Ke7 45. Qh8 Qd7 46. Bd3 Re1 47.
Qxh6 Kd6 48. Qf8+ Kc7 49. Qf2 Rh1 50. Qg2 Qd5 51. Be4 Rg1 1-0

[Event "Chigorin Memorial 2019"]
[Site "St Petersburg RUS"]
[Date "2019.10.08"]
[Round "4.57"]
[White "Putrenko, Kirill"]
[Black "Yeritsyan, Hayk"]
[Result "0-1"]
[WhiteElo "1974"]
[BlackElo "2292"]
[WhiteFideId "44148402"]
[BlackFideId "13307320"]
[EventDate "2019.10.05"]

1. d4 Nf6 2. c4 c5 3. d5 b5 4. Nf3 g6 5. Qc2 Bg7 6. e4 O-O 7. cxb5 a6 8. b6 e6
9. Bg5 Qxb6 10. Bxf6 Bxf6 11. e5 Bg7 12. Bc4 exd5 13. Bxd5 Nc6 14. Bxc6 Qxc6 15.
O-O Bb7 16. Nbd2 Bxe5 17. Nb3 Bd6 18. Na5 Qe4 19. Qd2 Bc7 20. Nxb7 Qxb7 21. Rac1
Rac8 22. Rc4 d5 23. Rh4 f6 24. Rd1 d4 25. b3 Rfe8 26. Qd3 Qb5 27. Qc2 Re2 28.
Qc1 Rce8 29. g3 Qb7 30. Qc4+ Kg7 31. Rd3 Qb5 32. Qxb5 axb5 33. b4 g5 34. Rh5 Kg6
35. g4 R8e4 36. h3 c4 37. Rxd4 Bb6 38. Rd6 Re6 39. Rxb6 Rxb6 40. Nd4 Re5 41. h4
gxh4 42. Nf5 Rc6 43. Rh6+ Kf7 44. Rxh7+ Ke8 45. Rh8+ Kd7 46. Rh7+ Kd8 47. Rh8+
Kc7 48. Rh7+ Kb6 49. a4 bxa4 50. Nd4 Rd6 0-1

[Event "Chigorin Memorial 2019"]
[Site "St Petersburg RUS"]
[Date "2019.10.08"]
[Round "4.58"]
[White "Rudenko, Naum"]
[Black "Aseev, Vladimir"]
[Result "1-0"]
[WhiteTitle "FM"]
[WhiteElo "2286"]
[BlackElo "2057"]
[WhiteFideId "34146072"]
[BlackFideId "24121371"]
[EventDate "2019.10.05"]

1. e4 c5 2. Nf3 Nc6 3. Bb5 g6 4. Bxc6 dxc6 5. d3 Bg7 6. h3 Nf6 7. Nc3 b6 8. Be3
h6 9. Qd2 Be6 10. a4 g5 11. a5 g4 12. Ng1 gxh3 13. gxh3 Nd7 14. f4 f5 15. e5 Rg8
16. Nf3 b5 17. Rg1 b4 18. Nd1 Nb8 19. Bxc5 Qd5 20. Qf2 Na6 21. Be3 b3 22. Nd4
bxc2 23. Nc3 Qd7 24. Nxe6 Qxe6 25. Qxc2 Nb4 26. Qe2 O-O-O 27. Rd1 h5 28. Kf2
Bxe5 29. fxe5 f4 30. Bc5 Qxh3 31. Qf3 Rg3 32. Rxg3 fxg3+ 33. Ke3 Rd5 34. Nxd5
Nxd5+ 35. Kd2 Qh4 36. Qe4 Qg5+ 37. Be3 Nxe3 38. Qxe3 Qh4 39. Qxa7 Qb4+ 40. Kc2
Qa4+ 41. b3 g2 1-0